<?xml version="1.0" encoding="UTF-8"?><marc:collection xmlns:marc="http://www.loc.gov/MARC21/slim">
  <marc:record>
    <marc:leader>00000nmm##2200000za#4500</marc:leader>
    <marc:controlfield tag="001">9.679857</marc:controlfield>
    <marc:controlfield tag="003">CaOODSP</marc:controlfield>
    <marc:controlfield tag="005">20200925115941</marc:controlfield>
    <marc:controlfield tag="007">cj |||||||||||</marc:controlfield>
    <marc:controlfield tag="008">150407|1996||||xxc    |q  d#f      fre|d</marc:controlfield>
    <marc:datafield tag="020" ind1=" " ind2=" ">
      <marc:subfield code="a">0-662-81456-8</marc:subfield>
    </marc:datafield>
    <marc:datafield tag="040" ind1=" " ind2=" ">
      <marc:subfield code="a">CaOODSP</marc:subfield>
      <marc:subfield code="b">fre</marc:subfield>
    </marc:datafield>
    <marc:datafield tag="043" ind1=" " ind2=" ">
      <marc:subfield code="a">n-cn---</marc:subfield>
    </marc:datafield>
    <marc:datafield tag="086" ind1="1" ind2=" ">
      <marc:subfield code="a">JS92-43/1996F-MR1</marc:subfield>
    </marc:datafield>
    <marc:datafield tag="110" ind1="1" ind2=" ">
      <marc:subfield code="a">Canada.</marc:subfield>
      <marc:subfield code="b">Commission nationale des libérations conditionnelles.</marc:subfield>
    </marc:datafield>
    <marc:datafield tag="245" ind1="1" ind2="0">
      <marc:subfield code="a">Manuel des politiques de la CNLC </marc:subfield>
      <marc:subfield code="h">[ressource électronique]</marc:subfield>
    </marc:datafield>
    <marc:datafield tag="260" ind1=" " ind2=" ">
      <marc:subfield code="a">Ottawa - Ontario : </marc:subfield>
      <marc:subfield code="b">Solliciteur général Canada. </marc:subfield>
      <marc:subfield code="c">1996.</marc:subfield>
    </marc:datafield>
    <marc:datafield tag="500" ind1=" " ind2=" ">
      <marc:subfield code="a">Sommaire: Introduction.--Généralités: Évaluation du risque en vue des décisions prélibératoires: critères et processus de la prise des décisions; Facteurs essentiels à la prise de décisions judicieuses; Évaluations psychologiques et psychiatriques; Admissibilité.--Permission de sortir.--Libération conditionnelle: Semi-liberté; Libération conditionnelle totale; Examen expéditif; Expulsion/extradition/départ volontaire.--Libération d'office.--Maintien en incarcération.--Conditions de la mise en liberté: Conditions de la mise en liberté; Privilèges de sortie rattaches aux assignations à résidence et à la semi-liberté.--Interventions postlibératoires.--Audiences et examens: Examens; Audiences; Observateurs; Assistants; Interprètes; Ajournements; Renonciations; Reports.--Communication de renseignements: Communication de renseignements au délinquant; Communication de renseignements aux victimes; Renseignements provenant des victimes.--Dossiers sur les examens et les décisions.--Appels.--Divers: Maladies transmissibles/SIDA; Interdiction de conduire.--Clémence et réhabilitations.</marc:subfield>
    </marc:datafield>
    <marc:datafield tag="590" ind1=" " ind2=" ">
      <marc:subfield code="a">96-33</marc:subfield>
      <marc:subfield code="b">1996-08-16</marc:subfield>
    </marc:datafield>
    <marc:datafield tag="691" ind1="0" ind2="7">
      <marc:subfield code="a">Libération conditionnelle</marc:subfield>
      <marc:subfield code="2">gcpds</marc:subfield>
    </marc:datafield>
    <marc:datafield tag="776" ind1="0" ind2="#">
      <marc:subfield code="t">Manuel des politiques de la CNLC </marc:subfield>
      <marc:subfield code="w">(CaOODSP)9.642045</marc:subfield>
    </marc:datafield>
  </marc:record>
</marc:collection>
